Click Actor by Character - Statistics

General Stats
  • This quiz has been taken 591 times
  • The average score is 17 of 20
Answer Stats
Hint Extra Hint Answer % Correct
Harry Potter Daniel Radcliffe
95%
Jack Sparrow Pirates of the Caribbean Johnny Depp
95%
Jack Dawson Titanic Leonardo DiCaprio
93%
Iron Man/Tony Stark Marvel Cinematic Universe Robert Downey Jr.
93%
Terminator Arnold Schwarzenegger
91%
Rachel Greene Friends Jennifer Aniston
91%
Katniss Everdeen Hunger Games Jennifer Lawrence
91%
Kevin McCallister Home Alone Macaulay Culkin
91%
Forrest Gump Tom Hanks
91%
Indiana Jones Raiders of the Lost Ark Harrison Ford
89%
Dorothy Gale Wizard of Oz Judy Garland
87%
Mr Bean Rowan Atkinson
87%
Ethan Hunt Mission: Impossible Tom Cruise
85%
Marty McFly Back to the Future Michael J. Fox
84%
Mary Poppins Julie Andrews
83%
Maximus Gladiator Russell Crowe
83%
Luke Skywalker Star Wars Mark Hamill
80%
Ellis Boyd "Red" Redding The Shawshank Redemption Morgan Freeman
75%
Jules Winnfield Pulp Fiction Samuel L. Jackson
72%
Private Ryan Matt Damon
71%
No matching quizzes found
Score Distribution
Percent of People with Each Score
Percentile by Number Answered
Your Score History
You have not taken this quiz